000 00621nam a2200193Ia 4500
005 20250508162834.0
008 008 250505s9999 xx 000 0 eng d
020 _a0-521-35187-1
037 _aTextual
040 _aFEDL
_beng
_cFEDL
041 _aeng
_2eng
084 _a370.193 42, GLE
_qFEDL
100 _aGleason John Joseph
_9774158
245 0 _aSocial education in context : An ethnographic study of persons with developmental disabilities
260 _aCambridge
_bCambridge University Press
_c1989
300 _aix,165p
942 _cTEXL
_h370.193 42, GLE
999 _c1378977
_d1378977